Devinez l'État Américain Mystère #48 - Statistiques

Statistiques générales
  • Ce quiz a été pris 197 fois
  • Le résultat moyen est 30 sur 34
Statistiques - réponses
Type de Réponse Réponse % Correct
Lettre de l'Alphabet E
99%
Lettre de l'Alphabet I
99%
Lettre Trouvée N
99%
Lettre de l'Alphabet R
99%
Lettre Trouvée A
98%
Lettre Trouvée O
98%
Lettre de l'Alphabet L
97%
Lettre de l'Alphabet S
97%
Lettre de l'Alphabet C
94%
Lettre de l'Alphabet K
94%
Lettre Trouvée M
94%
Lettre de l'Alphabet W
94%
Lettre de l'Alphabet Y
94%
Lettre de l'Alphabet D
93%
Lettre de l'Alphabet G
93%
Lettre de l'Alphabet H
92%
Lettre Trouvée T
91%
Lettre de l'Alphabet U
90%
Lettre de l'Alphabet F
88%
Lettre de l'Alphabet V
88%
Lettre Bien Placée A
86%
Lettre de l'Alphabet B
86%
Lettre Bien Placée A
85%
Lettre Bien Placée N
84%
Lettre de l'Alphabet X
83%
Lettre de l'Alphabet P
80%
Lettre de l'Alphabet Q
77%
Lettre de l'Alphabet Z
77%
Lettre de l'Alphabet J
76%
Lettre Bien Placée M
75%
État Mystère Montana
75%
Lettre Bien Placée N
75%
Lettre Bien Placée O
75%
Lettre Bien Placée T
75%
Aucun quiz correspondant
Distribution des résultats
% des personnes avec chaque résultat
Percentile par nombre de réponses
Votre historique - résultats
Vous n’avez pas pris ce quiz